000 00372nam a22001577a 4500
003 MPLRDC
005 20220104175022.0
008 210129b ||||| |||| 00| 0 eng d
082 _a524.946 MAH 1994
100 _aC.W. MAH
245 _aREVISI LENGKAP SPM KBSM SAINS
_c
260 _a
_bSASBADI S/B
_c1994
300 _b
650 _a
942 _cBK
_o524.946 MAH 1994
999 _c60153
_d60143